[Event "BUL-ch sf 78th"]
[Site "Plovdiv"]
[Date "2014.02.12"]
[Round "3"]
[White "Banov, Boil"]
[Black "Slavov, Janko"]
[Result "1-0"]
[WhiteElo "2182"]
[BlackElo "1954"]
[PlyCount "51"]
[EventDate "2014.02.10"]
[EventType "swiss"]
[EventRounds "9"]
[EventCountry "BUL"]
[SourceTitle "CBM 158 Extra"]
[Source "ChessBase"]
[SourceDate "2014.02.28"]
[SourceVersion "1"]
[SourceVersionDate "2014.02.28"]
[SourceQuality "1"]

1. e4 c5 2. Nf3 Nc6 3. c3 e5 4. Bc4 Be7 5. d4 cxd4 6. cxd4 exd4 7. Nxd4 Qa5+ 8. Nc3 Qc5 9. Nxc6 bxc6 10. Qb3 Qh5 11. Bf4 Nf6 12. e5 Ng4 13. 0-0 0-0 14. Rfe1 Bg5 15. Bg3 Bh4 16. Ne4 Bxg3 17. Qxg3 Kh8 18. Be2 Qxe5 19. Bxg4 Qxb2 20. Nd6 Ba6 21. Rab1 Qd2 22. Rbd1 Qb4 23. a3 Qa5 24. Re7 c5 25. Nxf7+ Kg8 26. Be6 1-0

[Event "BUL-ch sf 78th"]
[Site "Plovdiv"]
[Date "2014.02.12"]
[Round "4"]
[White "Slavov, Janko"]
[Black "Nikolov, Jordan"]
[Result "0-1"]
[WhiteElo "1954"]
[BlackElo "2038"]
[PlyCount "156"]
[EventDate "2014.02.10"]
[EventType "swiss"]
[EventRounds "9"]
[EventCountry "BUL"]
[SourceTitle "CBM 158 Extra"]
[Source "ChessBase"]
[SourceDate "2014.02.28"]
[SourceVersion "1"]
[SourceVersionDate "2014.02.28"]
[SourceQuality "1"]

1. e4 e5 2. Nf3 Nc6 3. Bb5 f5 4. exf5 e4 5. Qe2 Qe7 6. Bxc6 dxc6 7. Nd4 Nh6 8. Nc3 Nxf5 9. Nxf5 Bxf5 10. 0-0 0-0-0 11. Re1 Re8 12. Qc4 Qe6 13. Qa4 Bc5 14. d3 Qf7 15. dxe4 Bxe4 16. Be3 Qg6 17. Nxe4 Rxe4 18. Qa5 Bxe3 19. Rxe3 Rxe3 20. fxe3 a6 21. Qd2 Rd8 22. Qf2 Kb8 23. h3 Qe4 24. Re1 c5 25. c3 b6 26. a3 Kb7 27. Re2 Rd1+ 28. Kh2 Rd5 29. Qf3 Qe5+ 30. g3 Ka7 31. Qf4 Qd6 32. e4 Re5 33. Kg2 g5 34. Qe3 h5 35. Rf2 Qe6 36. Re2 g4 37. h4 Qc4 38. Kf2 Qe6 39. Qf4 Kb7 40. Ke3 b5 41. Rd2 b4 42. axb4 cxb4 43. Rd4 bxc3 44. bxc3 Rc5 45. Kd3 Qa2 46. Rb4+ Rb5 47. Rxb5+ axb5 48. e5 Qd5+ 49. Ke3 c5 50. Qf6 c4 51. Kf4 Qf3+ 52. Kg5 Qxg3 53. e6 Qe3+ 54. Kxh5 g3 55. Qf7+ Kb6 56. e7 Qe2+ 57. Kg5 g2 58. Qg6+ Ka5 59. Kf6 Qf3+ 60. Kg7 Qxc3+ 61. Kf8 Qf3+ 62. Kg8 Qe3 63. e8Q Qxe8+ 64. Qxe8 g1Q+ 65. Kh7 Kb4 66. h5 c3 67. Qe4+ Ka3 68. Qa8+ Kb2 69. Qa5 Qc5 70. h6 c2 71. Qd2 Ka1 72. Qc1+ Ka2 73. Kg7 Qe7+ 74. Kg6 Qe4+ 75. Kg7 Qg4+ 76. Kf6 Qd1 77. Qg5 c1Q 78. Qxb5 Qxh6+ 0-1

[Event "BUL-ch sf 78th"]
[Site "Plovdiv"]
[Date "2014.02.11"]
[Round "2"]
[White "Slavov, Janko"]
[Black "Arnaudov, Petar"]
[Result "1-0"]
[WhiteElo "1954"]
[BlackElo "2108"]
[PlyCount "57"]
[EventDate "2014.02.10"]
[EventType "swiss"]
[EventRounds "9"]
[EventCountry "BUL"]
[SourceTitle "CBM 158 Extra"]
[Source "ChessBase"]
[SourceDate "2014.02.28"]
[SourceVersion "1"]
[SourceVersionDate "2014.02.28"]
[SourceQuality "1"]

1. e4 c5 2. Nf3 a6 3. c3 b5 4. a4 b4 5. d4 e6 6. Be3 Nf6 7. dxc5 Nxe4 8. cxb4 Nc6 9. Nc3 f5 10. Nxe4 fxe4 11. Nd2 Nxb4 12. Nxe4 Qh4 13. Ng3 Bb7 14. Rc1 Bd5 15. Qd2 Be7 16. f4 Rb8 17. Bc4 0-0 18. 0-0 Bf6 19. f5 Qxc4 20. Rxc4 Bxc4 21. Rf4 Nd5 22. Rxc4 Rxb2 23. Qe1 Rfb8 24. fxe6 dxe6 25. Bc1 Kf7 26. Bxb2 Rxb2 27. c6 Bd8 28. Qc1 Bb6+ 29. Kh1 1-0

[Event "BUL-ch sf 77th"]
[Site "Plovdiv"]
[Date "2013.02.13"]
[Round "3"]
[White "Slavov, Janko"]
[Black "Banov, Boil"]
[Result "1-0"]
[WhiteElo "1938"]
[BlackElo "2211"]
[PlyCount "47"]
[EventDate "2013.02.11"]
[EventType "swiss (rapid)"]
[EventRounds "9"]
[EventCountry "BUL"]
[SourceTitle "CBM 152 Extra"]
[Source "ChessBase"]
[SourceDate "2013.02.25"]
[SourceVersion "1"]
[SourceVersionDate "2013.02.25"]
[SourceQuality "1"]

1. e4 c6 2. d4 d5 3. Nc3 g6 4. h3 Bg7 5. Nf3 Nh6 6. Bf4 f6 7. Qd2 Nf7 8. e5 b6 9. 0-0-0 0-0 10. Re1 Re8 11. e6 Nd6 12. h4 Ba6 13. b3 Bxf1 14. Rhxf1 Na6 15. Rh1 Nb4 16. h5 Rf8 17. hxg6 hxg6 18. Bh6 g5 19. Nxg5 Qe8 20. Bxg7 Qg6 21. Bxf8 Rxf8 22. Nf7 Nxf7 23. exf7+ Rxf7 24. a3 1-0

[Event "BUL-ch sf 77th"]
[Site "Plovdiv"]
[Date "2013.02.12"]
[Round "2"]
[White "Frolyanov, Dmitry"]
[Black "Slavov, Janko"]
[Result "0-1"]
[WhiteElo "2158"]
[BlackElo "1938"]
[PlyCount "198"]
[EventDate "2013.02.11"]
[EventType "swiss (rapid)"]
[EventRounds "9"]
[EventCountry "BUL"]
[SourceTitle "CBM 152 Extra"]
[Source "ChessBase"]
[SourceDate "2013.02.25"]
[SourceVersion "1"]
[SourceVersionDate "2013.02.25"]
[SourceQuality "1"]

1. e4 c5 2. Nf3 Nc6 3. Bb5 e5 4. 0-0 d6 5. c3 Bg4 6. h3 Bxf3 7. Qxf3 Nf6 8. d3 Be7 9. Re1 0-0 10. Nd2 Qc7 11. Nf1 a6 12. Ba4 b5 13. Bc2 b4 14. Bd2 a5 15. Ne3 Rad8 16. Bb3 Ra8 17. a4 Rab8 18. Bc4 Nd8 19. Nf5 Ne6 20. Rac1 g6 21. Ne3 Ng5 22. Qe2 bxc3 23. bxc3 Rb2 24. Bb5 Rb8 25. Nc4 Ra2 26. Qd1 Nh5 27. Bxg5 Bxg5 28. Rb1 Nf4 29. Qb3 Re2 30. Rxe2 Nxe2+ 31. Kh2 Nf4 32. Qd1 d5 33. Ne3 d4 34. Nc4 dxc3 35. Qc2 Qd8 36. Rd1 f6 37. Qxc3 Ra8 38. Ne3 Qd4 39. Qc2 Kg7 40. Bc4 Rb8 41. Rb1 Rb4 42. Bb5 Rxb1 43. Qxb1 Ne2 44. Nd1 Bf4+ 45. Kh1 Qb4 46. Qxb4 cxb4 47. g3 Bc1 48. Kg2 b3 49. Kf1 Nd4 50. Bc4 b2 51. Ba2 Nc2 52. Nc3 Bd2 53. Nd1 Nb4 54. Bb1 Bc1 55. Ke2 h5 56. Ne3 Kf7 57. Nc4 Nc6 58. Kd1 g5 59. Kc2 Nd4+ 60. Kc3 Nf3 61. Nxa5 Ke7 62. Nc4 Kd7 63. Nb6+ Kc6 64. Nd5 Ng1 65. Nxf6 h4 66. gxh4 gxh4 67. Ng4 Bf4 68. Kc2 Nxh3 69. Kxb2 Ng5 70. d4 exd4 71. Kb3 Kc5 72. a5 Nf3 73. a6 Kb6 74. Bd3 h3 75. Kc4 Ne5+ 76. Nxe5 h2 77. Kxd4 h1Q 78. Ng6 Qc1 79. e5 Qc5+ 80. Ke4 Bg5 81. f4 Bd8 82. f5 Qb4+ 83. Kf3 Qc3 84. Ke4 Qc6+ 85. Kf4 Qc1+ 86. Ke4 Qh1+ 87. Kf4 Qh2+ 88. Ke4 Qg2+ 89. Kd4 Qf2+ 90. Ke4 Qg2+ 91. Kd4 Bg5 92. f6 Qf2+ 93. Kd5 Bxf6 94. exf6 Qxf6 95. Ne5 Qd8+ 96. Ke4 Kc5 97. Kf4 Qg8 98. Ke3 Qe8 99. Ke4 Kd6 0-1